Obálka Náhled e-knihy:
PDF Epub
Pro půjčování e-knih musíte být přihlášeni.
Jak si půjčit online?

Anglické chůvy. (3), Katie a její sen o svobodě /

Závěrečný díl volné trilogie věnující se fenoménu norlandských chův v Anglii na počátku 20. století. Naše hrdinky se musí rozloučit na prahu první světové války.

Uloženo v:
Série:Anglické chůvy, část 3
Hlavní autor: Perkins, Ella, 1979- (Autor)
Další autoři: Kurka, Tomáš, 1967- (Autor)
Médium: E-kniha
Jazyk:Czech
Vydáno: V Praze : Baronet, 2024
Vydání:1. vydání
Témata:
Příbuzné jednotky:Přeloženo z: Norland nannys
Z cyklu:: Anglické chůvy
Tagy:
Žádné tagy
LEADER 03011nam a2200469 i 4500
001 312395
003 CZ PrSKC
005 20260601215722.0
007 ta
008 240523s2024 xr g 000 f cze
015 |a cnb003607605 
020 |a 9788026923497  |q (vázáno) 
035 |a (OCoLC)1445420263 
040 |a ABG001  |b cze  |d OLA001  |e rda 
041 1 |a cze  |h ger 
072 7 |a 821.112.2-3  |x Německá próza, německy psaná  |2 Konspekt 
080 |a 821.112.2-31  |2 MRF 
080 |a (0:82-31)-055.2  |2 MRF 
100 1 |a Perkins, Ella,  |d 1979-  |7 xx0278317  |4 aut 
240 1 0 |a Katie und der Traum von Freiheit.  |l Česky 
245 1 0 |a Anglické chůvy.  |n (3),  |p Katie a její sen o svobodě /  |c Ella Perkins ; z německého originálu Die Norland nannys - Katie und der Traum von Freiheit ... přeložil Tomáš Kurka 
246 3 0 |a Katie a její sen o svobodě 
250 |a 1. vydání 
264 1 |a V Praze :  |b Baronet,  |c 2024 
300 |a 303 stran ;  |c 21 cm 
336 |a text  |b txt  |2 rdacontent 
337 |a bez média  |b n  |2 rdamedia 
338 |a svazek  |b nc  |2 rdacarrier 
520 2 |a Závěrečný díl volné trilogie věnující se fenoménu norlandských chův v Anglii na počátku 20. století. Naše hrdinky se musí rozloučit na prahu první světové války.  |b Na pozadí končící šťastné epochy evropských dějin zažívá Katie spokojené dny s dětmi řecké královské rodiny. Idyla je však brzy přervána balkánskými válkami. Katie odjíždí se svými svěřenci do bezpečí k carskému dvoru do Ruska, ale její moderní výchovné metody naráží na zkostnatělé představy babičky malých princezen. Dokáže Katie vytrvat a nezradit ideály Norlandského ústavu? Ella Perkinsová dovedla své hrdinky až na práh první světové války a uzavřela osudy všech tří hlavních postav. Mary se musí rozhodovat mezi láskou a prací. Joan je postavena před velkou výzvu a Katie se těžko loučí se svou důvěrnou přítelkyní, velkokněžnou Jelenou. Bezpečí malých princezen je však přednější. A na obzoru se již stahují mračna první světové války. Nakladatelská anotace. Kráceno. 
655 7 |a německé romány  |7 fd132945  |2 czenas 
655 7 |a romány pro ženy  |7 fd187897  |2 czenas 
655 9 |a German fiction  |2 eczenas 
655 9 |a women's novels  |2 eczenas 
700 1 |a Kurka, Tomáš,  |d 1967-  |7 jx20050628017  |4 trl 
765 0 |t Norland nannys 
787 0 8 |i Z cyklu:  |t Anglické chůvy  |g 3 
900 |a ABA001  |b 20 
928 9 |a Albatros Media - Baronet 
044 |a xr 
910 |a RBIT002 
998 |d 405131  |a https://core.palmknihy.cz/api/books/405131/cover?sgweem  |b https://core.palmknihy.cz/api/books/405131/cover/400?sgweem  |c https://core.palmknihy.cz/api/books/405131/cover/50?sgweem  |e 2028-11-15  |g 304  |i 9788026923497  |j https://core.palmknihy.cz/api/books/405131/preview.epub  |k https://core.palmknihy.cz/api/books/405131/preview.pdf  |l   |q 49  |r 1  |s https://www.palmknihy.cz/kniha/405131  |t ebook  |y 2024  |z 0  |v Anglické chůvy  |w 3 
999 |d 312393